The Emptiness Machine - Linkin Park - All Lyrics - Statistics

General Stats
  • This quiz has been taken 629 times
  • The average score is 240 of 284
Answer Stats
Answer % Correct
a
97%
oh
97%
I
96%
(I
96%
you
96%
the
95%
The
95%
emptiness
94%
machine
94%
machine,
94%
me
94%
be
92%
to
92%
to,
92%
of
91%
of,
91%
of)
91%
Just
90%
just
90%
open
90%
cut
89%
do,
89%
do
89%
wanted
89%
watch
89%
what
89%
am
87%
know
87%
let
87%
bleed
86%
in
86%
like
86%
who
86%
skin
84%
for
83%
Your
83%
your
83%
how
82%
my
82%
so
82%
under
82%
Already
81%
Gave
81%
always
80%
Don't
80%
up
80%
with
80%
And
79%
part
78%
pulling
78%
are
77%
something
77%
something)
77%
on
76%
exactly
75%
Fallin'
75%
promise
75%
revolver
75%
we
75%
hopin'
74%
hopin',
74%
precision
74%
why
74%
blades
72%
I'm
72%
point
72%
this
72%
view
71%
It's
70%
lose
70%
only
70%
ends
69%
distance
68%
favorite
68%
receive
68%
won't
68%
around
67%
sharpened
67%
been
64%
decided
63%
waiting
63%
you're
62%
Goin'
58%
keep
58%
fuckin'
57%
lyin'
57%
fire
55%
there's
55%
'Cause
53%
altar
52%
Flashing
52%
naive
46%
No matching quizzes found
Score Distribution
Percent of People with Each Score
Percentile by Number Answered
Your Score History
You have not taken this quiz